Stratégia sociálnych služieb v Košickom samosprávnom kraji
Guardado en:
| Autor principal: | |
|---|---|
| Autor Corporativo: | |
| Otros Autores: | , , , |
| Formato: | Libro |
| Lenguaje: | eslovaco |
| Publicado: |
Ružomberok
Edičné stredisko Pedagogickej fakulty Katolíckej univerzity v Ružomberku
2008
|
| Materias: | |
| Etiquetas: |
Sin Etiquetas, Sea el primero en etiquetar este registro!
|
MARC
| LEADER | 00000nam$a2200000$$$4500 | ||
|---|---|---|---|
| 001 | 0105166 | ||
| 005 | 20240502072146.1 | ||
| 020 | |a 978-80-8084-406-6 | ||
| 041 | 0 | |a slo | |
| 044 | |a SK | ||
| 245 | 1 | 0 | |a Stratégia sociálnych služieb v Košickom samosprávnom kraji |c Bohuslava Mihalčová |
| 264 | 1 | |a Ružomberok |b Edičné stredisko Pedagogickej fakulty Katolíckej univerzity v Ružomberku |c 2008 | |
| 300 | |a 124 s. [6,8 AH] | ||
| 610 | 2 | 0 | |a služby sociálne |
| 610 | 2 | 0 | |a práca sociálna |
| 610 | 2 | 0 | |a riadenie strategické |
| 610 | 2 | 0 | |a regióny |
| 610 | 2 | 0 | |a Slovensko |
| 610 | 2 | 0 | |a Košický samosprávny kraj |
| 100 | 1 | |a Mihalčová, Bohuslava, 1963- | |
| 700 | 1 | |a Janeček, Vladimír | |
| 700 | 1 | |a Fabian, Anton | |
| 700 | 1 | |a Bašistová, Alena | |
| 700 | 1 | |a Pribula, Marek | |
| 710 | 2 | |a Pedagogická fakulta Katolíckej univerzity v Ružomberku. Katedra sociálnej práce | |